Statistics for Sidemen Quiz

Click here to take the quiz!

General Stats

  • This quiz has been taken 833 times
  • The average score is 10 of 14

Answer Stats

HintAnswer% Correct
SimonMiniminter
99%
JJKSI
98%
VikkVikkstar123
95%
JoshZerkaa
95%
EthanBehzinga
94%
HarryW2S
90%
TobiTBJZL
88%
Simon Second channelMM7Games
75%
Friend. CLXCallux
65%
Friend. CMDChris MD
58%
Ethans second channelBeh2inga
44%
Joshs second channelZerkaaHD
44%
JJs second channelKSIOlajideBT
37%
Tobis second channelTBJZLPlays
34%

Score Distribution

Percentile by Number Answered

Percent of People with Each Score

Your Score History

You have not taken this quiz